000
00341nam a2200145Ia 4500
008
191201s2011 xx 000 0 und d
082
_a
510
_b
BHE
100
_a
BHARGAVA, M L
245
0
_a
Elements of Business Mathematics
250
_a
2nd
260
_b
Jeevan Sons Publication
_c
2011
300
_a
misc
650
_a
BBA
942
_2
ddc
_c
BK
999
_c
4834
_d
4834